|
|
|
|
| LEADER |
02534nam a22004335i 4500 |
| 001 |
978-0-306-47056-1 |
| 003 |
DE-He213 |
| 005 |
20151204153406.0 |
| 007 |
cr nn 008mamaa |
| 008 |
100301s2002 xxu| s |||| 0|eng d |
| 020 |
|
|
|a 9780306470561
|9 978-0-306-47056-1
|
| 024 |
7 |
|
|a 10.1007/b114635
|2 doi
|
| 040 |
|
|
|d GrThAP
|
| 050 |
|
4 |
|a QC19.2-20.85
|
| 072 |
|
7 |
|a PHU
|2 bicssc
|
| 072 |
|
7 |
|a SCI040000
|2 bisacsh
|
| 082 |
0 |
4 |
|a 530.1
|2 23
|
| 245 |
1 |
0 |
|a Confinement, Duality, and Non-Perturbative Aspects of QCD
|h [electronic resource] /
|c edited by Pierre van Baal.
|
| 246 |
3 |
|
|a Proceedings of a NATO ASI and Isaac Newton Institute Workshop held in Cambridge, UK, June 23-July 4, 1997
|
| 264 |
|
1 |
|a Boston, MA :
|b Springer US,
|c 2002.
|
| 300 |
|
|
|a X, 550 p.
|b online resource.
|
| 336 |
|
|
|a text
|b txt
|2 rdacontent
|
| 337 |
|
|
|a computer
|b c
|2 rdamedia
|
| 338 |
|
|
|a online resource
|b cr
|2 rdacarrier
|
| 347 |
|
|
|a text file
|b PDF
|2 rda
|
| 490 |
1 |
|
|a NATO Science Series: B:, Advanced Science Institutes Series,
|x 0258-1221 ;
|v 368
|
| 505 |
0 |
|
|a Hadronic Physics from the Lattice -- Monte Carlo Results for the Hadron Spectrum -- Physics from the Lattice: Glueballs in QCD; Topology; SU(N) for All N -- QCD on Coarse Lattices -- Finite Size Techniques and the Strong Coupling Constant -- Continuum and Lattice Coulomb-Gauge Hamiltonian -- Gribov Ambiguities and the Fundamental Domain -- Perfect Actions -- Nonperturbative Flow Equations, Low-Energy QCD, and the Chiral Phase Transition -- Light-Front QCD: A Constituent Picture of Hadrons -- Instantons in QCD and Related Theories -- Universal Behavior in Dirac Spectra -- Duality and Oblique Confinement -- Abelian Projections and Monopoles -- The Dual Superconductor Picture for Confinement -- Dual Lattice Blockspin Transformation and Perfect Monopole Action for Su(2) Gauge Theory -- to Rigid Supersymmetric Theories -- Non-Perturbative Gauge Dynamics in Supersymmetric Theories. A Primer -- Phases of Supersymmetric Gauge Theories.
|
| 650 |
|
0 |
|a Physics.
|
| 650 |
1 |
4 |
|a Physics.
|
| 650 |
2 |
4 |
|a Theoretical, Mathematical and Computational Physics.
|
| 700 |
1 |
|
|a Baal, Pierre van.
|e editor.
|
| 710 |
2 |
|
|a SpringerLink (Online service)
|
| 773 |
0 |
|
|t Springer eBooks
|
| 776 |
0 |
8 |
|i Printed edition:
|z 9780306458262
|
| 830 |
|
0 |
|a NATO Science Series: B:, Advanced Science Institutes Series,
|x 0258-1221 ;
|v 368
|
| 856 |
4 |
0 |
|u http://dx.doi.org/10.1007/b114635
|z Full Text via HEAL-Link
|
| 912 |
|
|
|a ZDB-2-PHA
|
| 912 |
|
|
|a ZDB-2-BAE
|
| 950 |
|
|
|a Physics and Astronomy (Springer-11651)
|